000 00585nam a22001811a 4500
020 _c0.00
040 _aNEGST Library - Kenya
050 _aBS 325.G64 1962
100 _aBible Society of East Africa
245 _aBiblia : wo wutya Cilagane Cigwana ne Ci
_h[Text]
260 _aNairobi
_bThe Bible Society of Eas
_cc1962
300 _a245 p.;
500 _a"The New Testament in Gogo" - T.P. verso [Africana]
600 _aBible N.T. _ Gogo, 1962
600 _aGogo Language - Texts
852 _910.00
999 _c42976
_d42952